中國基督教百年史 Zhongguo Jidu jiao bai nian shi = The first hundred years of Protestant mission in China {ch} / (Record no. 37877)
[ view plain ]
| 000 -LEADER | |
|---|---|
| fixed length control field | 01046nam a2200277 4500 |
| 003 - CONTROL NUMBER IDENTIFIER | |
| control field | OSt |
| 005 - DATE AND TIME OF LATEST TRANSACTION | |
| control field | 20141110160214.0 |
| 008 - FIXED-LENGTH DATA ELEMENTS--GENERAL INFORMATION | |
| fixed length control field | 030725s1990 -hk chi |
| 020 ## - INTERNATIONAL STANDARD BOOK NUMBER | |
| International Standard Book Number | 9623800193 |
| 020 ## - INTERNATIONAL STANDARD BOOK NUMBER | |
| International Standard Book Number | 9789623802758 |
| 090 ## - LOCALLY ASSIGNED LC-TYPE CALL NUMBER (OCLC); LOCAL CALL NUMBER (OCLC) | |
| Classification number (OCLC) (R) ; Classification number, CALL (RLIN) (NR) | BV3415 |
| Local cutter number (OCLC) ; Book number/undivided call number, CALL (RLIN) | T15f |
| -- | 2009 |
| 100 1# - MAIN ENTRY--PERSONAL NAME | |
| Personal name | 湯清 Tang, Christopher |
| 245 10 - TITLE STATEMENT | |
| Title | 中國基督教百年史 Zhongguo Jidu jiao bai nian shi = The first hundred years of Protestant mission in China {ch} / |
| Statement of responsibility, etc | 湯清 Christopher Tang. |
| 260 ## - PUBLICATION, DISTRIBUTION, ETC. (IMPRINT) | |
| Place of publication, distribution, etc | Hong Kong : |
| Name of publisher, distributor, etc | 道聲出版社 Taosheng Publishing, |
| Date of publication, distribution, etc | c2009. |
| 300 ## - PHYSICAL DESCRIPTION | |
| Extent | xiii, 734 : |
| Other physical details | map ; |
| Dimensions | 22 cm. |
| 336 ## - CONTENT TYPE | |
| Source | rdacontent |
| Content Type Term | text |
| 337 ## - MEDIA TYPE | |
| Source | rdamedia |
| Media Type Term | unmediated |
| 338 ## - CARRIER TYPE | |
| Source | rdacarrier |
| Carrier Type Term | volume |
| 490 ## - SERIES STATEMENT | |
| Series statement | 道聲神學教育叢書Dao sheng shen xue jiao yu cong shu |
| 500 ## - GENERAL NOTE | |
| General note | English title also on colophon: First hundred years of Protestant mission in China. |
| 650 ## - SUBJECT ADDED ENTRY--TOPICAL TERM | |
| Topical term or geographic name as entry element | Christianity |
| Geographic subdivision | China |
| Chronological subdivision | 19th century {ch}. |
| 651 #4 - SUBJECT ADDED ENTRY--GEOGRAPHIC NAME | |
| Geographic name | 中国教会历史 Missions |
| Geographic subdivision | China |
| General subdivision | History {ch}. |
| 700 ## - ADDED ENTRY--PERSONAL NAME | |
| Personal name | Tang, Qing. |
| 942 ## - ADDED ENTRY ELEMENTS (KOHA) | |
| Source of classification or shelving scheme | Library of Congress Classification |
| Item type | Books |
| Withdrawn status | Lost status | Source of classification or shelving scheme | Damaged status | Not for loan | Home library | Current library | Shelving location | Date acquired | Source of acquisition | Inventory number | Shelving control number | Total Checkouts | Full call number | Barcode | Date last seen | Price effective from | Koha item type |
|---|---|---|---|---|---|---|---|---|---|---|---|---|---|---|---|---|---|
| Library of Congress Classification | BSOP Library | BSOP Library | Special Collections Chinese | 11/10/2014 | C-12403 | CH BV 3415 T15 2009 | 00044803 | 11/10/2014 | 11/10/2014 | Books | |||||||
| Library of Congress Classification | BSOP Library | BSOP Library | Chinese Books (General Circulation) | 07/02/2015 | C-13865 | CH BV 3415 T15 2009 c.2 | 00046266 | 07/02/2015 | 07/02/2015 | Books |
